00315nam a22001097a 4500003000400000020001800004082001900022100005700041245005300098260004600151300000800197SGT a9789384579519 a891.4309bA15S aश्रीवास्तव, विशंभर  aआडवाणी के साथ 32 साल bअनिल प्रकाशन c2015 a280